| 000 | 00000nam##2200000za#4500 |
| 001 | 9.607770 |
| 003 | CaOODSP |
| 005 | 20210624213307 |
| 007 | cr ||||||||||| |
| 008 | 150406|2001||||xxc|||||o f|0| 0 fre|d |
| 040 | |aCaOODSP|bfre |
| 043 | |an-cn--- |
| 086 | 1 |aNH18-22/101-112F-PDF |
| 110 | 2 |aSociété canadienne d'hypothèques et de logement. |
| 245 | 10|aPromotion de l'option récupération - Vers la réutilisation des eaux ménagères / |h[ressource électronique] |
| 250 | |aRévision 2007 |
| 260 | |aOttawa - Ontario : |bSociété canadienne d'hypothèques et de logement |cc2001, 2007. |
| 300 | |a4p. |
| 490 | 1 |aLe point en recherche et développement; série technique|v01-112 |
| 500 | |aFichier reproduit à partir de l'original imprimé. |
| 590 | |a14-16-Supp|b2014-09-25 |
| 775 | 08|tAdvancing the “Light Grey Option” - Making residential greywater use happen |w(CaOODSP)9.580827 |
| 830 | #0|aLe point en recherche et développement; série technique ;|v01-112|w(CaOODSP)9.500900 |
| 856 | 40|ahttp://publications.gc.ca|qPDF|s274 Ko|uhttps://publications.gc.ca/collections/collection_2014/schl-cmhc/NH18-22-101-112-fra.pdf|y01-112 |